000 00867nam a22002057a 4500
003 OSt
005 20250909183937.0
008 240903b ||||| |||| 00| 0 eng d
040 _c0
082 _aDPer 808.042 C686 June-February 2021 v. 72-73 n. 1-4
100 _aOre, Ersula.
_eauthor.
_960012
245 _aSymposium: diversity is not justice :
_bworking toward radical transformation and racial equity in the discipline /
_cErsula Ore, Kimberly Wieser, and Christina Cedillo.
260 _aUSA ;
_bNational Council of Teachers of English ,
_cJune 2021.
300 _aVolume 72-73, pages 601-620 ;
_c23 cm.
500 _aCollege Composition & Communication, vol. 72, n. 4, pages 601-620, June 2021.
700 _aOre, Ersula.
_eauthor.
_960012
700 _aWieser, Kimberly.
_eauthor.
_960013
700 _aCedillo, Christina.
_eauthor.
_960014
942 _2ddc
_cPER
999 _c21255
_d21255